| 000 | 00762nam a2200217Ia 4500 | ||
|---|---|---|---|
| 003 | OSt | ||
| 005 | 20200903134840.0 | ||
| 008 | 191128s2011 ck ao gr 001 0 spa d | ||
| 020 | _a9789588293851 | ||
| 040 |
_aCO-JMCR _cCO-JMCR |
||
| 041 | 0 | _aspa | |
| 082 | 0 | 4 |
_a355.03 / _bE746p _223 |
| 100 | 1 |
_aEscobar Jaramillo, Santiago, _efotógrafo _99731 |
|
| 245 | 1 | 3 |
_aLa policía de los colombianos / _cfotografía, Santiago Escobar Jaramillo |
| 260 |
_aBogotá : _bVillegas Editores, _c2011 |
||
| 300 |
_a227 páginas : _bfotografías a color ; _c29 cm. |
||
| 500 | _aIncluye índice de artistas. | ||
| 650 | 1 | 4 |
_aPolicía _xrelaciones con la comunidad _vfotografías _zColombia _99732 |
| 650 | 1 | 4 |
_aSeguridad ciudadana _vfotografías _zColombia _99733 |
| 942 |
_2ddc _cBK |
||
| 999 |
_c4288 _d4288 |
||